000 00544nam a22001817a 4500
003 OSt
005 20140310181757.0
008 130701t xxu||||| |||| 00| 0 eng d
050 _aBS 191.5
_b.J61 1996
082 _aFIL 291.43
_bT34 1996
100 _aJimenez, Butz
245 _aThe conqueror prayer collection :
_blet's pray ok /
_cButz Jimenez.
260 _aMetro Manila, Philippines
_bConquest for Christ Foundation
_c1996.
300 _a70 p.
_bill. ;
_c17 cm.
650 _aPrayers
_xCollection
942 _2lcc
_cBK
_kFIL
999 _c3489
_d3489